Biblioteca y Centro de Documentación

IV Reunión Ordinaria del Consejo Consultivo Empresarial Andino, Caracas, 27 de abril de 2001 (Registro nro. 15298)

Detalles MARC
000 -CABECERA
Longitud fija campo de control 01451nam a2200409 c 4500
001 - NÚMERO DE CONTROL
Número de control 15298
003 - IDENTIFICADOR DE NÚMERO DE CONTROL
Identificador del número de control ES-MaCES
005 - FECHA Y HORA DE LA ÚLTIMA TRANSACCIÓN
Fecha y hora de la última transacción 20150929135445.0
008 - CAMPO FIJO DE DESCRIPCIÓN FIJA--INFORMACIÓN GENERAL
Códigos de información de longitud fija   030710s2001 ve t m100 | spa d
035 ## - NÚMERO DE CONTROL DEL SISTEMA
Número de control del sistema CES20030009863m
040 ## - FUENTE DE CATALOGACIÓN
Centro catalogador de origen ES-MaCES
Lengua de catalogación spa
Centro transcriptor ES-MaCES
110 2# - ENCABEZAMIENTO PRINCIPAL--NOMBRE CORPORATIVO
Nombre de entidad corporativa o nombre de jurisdicción como elemento inicial Consejo Consultivo Empresarial Andino
Unidad subordinada Reunión Ordinaria
Número del congreso o número de parte o sección de la obra
Fecha del congreso o de la firma de un tratado 2001
Sede del congreso Caracas
9 (RLIN) 2352
245 10 - MENCIÓN DE TÍTULO
Título IV Reunión Ordinaria del Consejo Consultivo Empresarial Andino, Caracas, 27 de abril de 2001
260 ## - PUBLICACIÓN, DISTRIBUCIÓN, ETC (PIE DE IMPRENTA)
Lugar de publicación, distribución, etc. [S.l.
Nombre del editor, distribuidor, etc. s.n.]
Fecha de publicación, distribución, etc. 2001
300 ## - DESCRIPCIÓN FÍSICA
Extensión [27] h.
Dimensiones 30 cm
500 ## - NOTA GENERAL
Nota general Tít. tomado de la cub
500 ## - NOTA GENERAL
Nota general En la port.: Consejo Económico y Social y Secretaría General, Comunidad Andina
500 ## - NOTA GENERAL
Nota general Ejempl. fotocopiado
541 ## - NOTA DE LA FUENTE INMEDIANTE DE ADQUISICIÓN
Forma de adquisición Gratuito
650 #4 - ASIENTO SECUNDARIO DE MATERIA--TÉRMINO DE MATERIA
Término de materia o nombre geográfico como elemento inicial mercado común
9 (RLIN) 27960
650 #4 - ASIENTO SECUNDARIO DE MATERIA--TÉRMINO DE MATERIA
Término de materia o nombre geográfico como elemento inicial arancel
9 (RLIN) 28008
650 #4 - ASIENTO SECUNDARIO DE MATERIA--TÉRMINO DE MATERIA
Término de materia o nombre geográfico como elemento inicial participación de los empleadores
9 (RLIN) 29937
650 #4 - ASIENTO SECUNDARIO DE MATERIA--TÉRMINO DE MATERIA
Término de materia o nombre geográfico como elemento inicial relaciones comerciales
9 (RLIN) 27965
650 #4 - ASIENTO SECUNDARIO DE MATERIA--TÉRMINO DE MATERIA
Término de materia o nombre geográfico como elemento inicial comisión consultiva
9 (RLIN) 29196
650 #4 - ASIENTO SECUNDARIO DE MATERIA--TÉRMINO DE MATERIA
Término de materia o nombre geográfico como elemento inicial Consejos Económicos y Sociales
9 (RLIN) 30859
650 #4 - ASIENTO SECUNDARIO DE MATERIA--TÉRMINO DE MATERIA
Término de materia o nombre geográfico como elemento inicial relaciones interinstitucionales
9 (RLIN) 30832
650 #4 - ASIENTO SECUNDARIO DE MATERIA--TÉRMINO DE MATERIA
Término de materia o nombre geográfico como elemento inicial Grupo Andino
9 (RLIN) 29594
650 #4 - ASIENTO SECUNDARIO DE MATERIA--TÉRMINO DE MATERIA
Término de materia o nombre geográfico como elemento inicial España
9 (RLIN) 26964
650 #4 - ASIENTO SECUNDARIO DE MATERIA--TÉRMINO DE MATERIA
Término de materia o nombre geográfico como elemento inicial reunión
9 (RLIN) 27009
653 10 - TÉRMINO DE INDEXACIÓN--NO CONTROLADO
Término no controlado Administración-Instituciones públicas
650 #4 - ASIENTO SECUNDARIO DE MATERIA--TÉRMINO DE MATERIA
9 (RLIN) 26752
Término de materia o nombre geográfico como elemento inicial UE
710 2# - ENCABEZAMIENTO SECUNDARIO--NOMBRE CORPORATIVO
Nombre de entidad o nombre de jurisdicción como elemento inicial Consejo Económico y Social (España)
9 (RLIN) 2408
710 2# - ENCABEZAMIENTO SECUNDARIO--NOMBRE CORPORATIVO
Nombre de entidad o nombre de jurisdicción como elemento inicial Comunidad Andina
9 (RLIN) 2223
902 ## - CES. TIPO DE DOCUMENTO
Tipodoc (006$c Sirtex) DOC Literatura gris
942 ## - ELEMENTOS KOHA
Fuente de clasificaión o esquema Clasificación propia del CES
Koha [por defecto] tipo de item Monografías
Parte de clasificación 6.3.
Existencias
Número de registro Signatura completa Tipo de item de Koha
052898 DOC-6.3.-99 Monografías
© CES, Consejo Económico y Social de España 2021